000 00936nam a22003257a 4500
001 0015175
003 KOHA_MİRAKIL
005 20260207002020.0
007 ta
008 100315b1996 tu |||gr||||#||||0|tur |
020 _a9757298131
040 _aTR-BiSEU
_btur
_cTR-BiSEU
_erda
041 0 _atur
044 _ctu
050 _aHM101
_b.S36 1996
100 1 _aSchroeder, Ralph.
245 1 _aMax Weber ve kültür sosyolojisi/
_cRalph Schroeder ; Ralph Schroeder; çeviren Mehmet Küçük.
264 1 _aAnkara :
_bBilim ve Sanat yayınları
_c1996
300 _a240 sayfa; 18 cm.
336 _ametin
_btxt
_2rdacontent
337 _aaracısız
_bn
_2rdamedia
338 _acilt
_bnc
_2rdacarrier
500 _aKaynakça var.
650 0 _aWeber, Max, 1864-1920.
_911934
650 0 _aCulture.
_99657
650 0 _aSociology.
_92061
650 0 _aKültür.
_99654
650 0 _aSosyoloji.
_92060
942 _2lcc
_cBK
999 _c15138
_d15138